01141nam a2200241Ia 4500001000600000003000900006008004100015040001300056040001300069041001300082100001900095100002900114245010700143245006900250250001100319260001100330260001100341260004900352300005900401500036500460650004300825650003100868G3579IT-RoPAU130308s9999 xx 000 0 und d aIT-RoPAU cIT-RoPAU aFRANCESE aSenecal Michel gCodice Aut. SPICS: 21964 aPart reduite de l'appropriation collective (La): vers un deficit democratique de l'espace mediatique? bVers Une Citoyennete' Simulee: Medias, Reseaux et Mondialisation a1a ed. aRENNES bApogee c1999 [1° Ed.:1999 - Ed.Ling.Originale:1999] a"21 p. (prefazione: no ; testo: 21 [pagine: 183-203])" aParte Ridotta dell'Appropriazione Collettiva: Verso un Deficit Democraticodello Spazio Mediatico? Oltre le Metafore. nuove tecnologie e vecchie Tensioni. Instabilità Alle Risonanze Storiche. Retorica Esclusiva del Mercato.Politiche di Aggiustamento Dello Stato. Neutralizzare Il Deficit Democratico. Libertà di Espressione: un Concetto a logiche Variabili. aSOCIOLOGIA DELLA COMUNICAZIONE SOCIALE eCodice materia Spics: 3806